| 000 | 00969nam a22002537a 4500 | ||
|---|---|---|---|
| 999 |
_c5668 _d5668 |
||
| 003 | OSt | ||
| 005 | 20251013161041.0 | ||
| 008 | 251013b ||||| |||| 00| 0 eng d | ||
| 020 |
_a9781474915083 _qbook set |
||
| 040 | _cKH8 | ||
| 082 | _aFIC SPY | ||
| 100 |
_aSpyri, Johanna, _eauthor. |
||
| 245 |
_aThe Story of Heidi / _cJohanna Spyri ; illustrated by Alan Marks. |
||
| 260 |
_aEngland ; _bUsborne Publishing Ltd , _c2006. |
||
| 300 |
_a63 pages : _bcolour illustrations ; _c20 cm. |
||
| 490 |
_aUsborne Young Reading _vseries two |
||
| 520 | _aHeide loves living with her grandfather, high in the mountains. But then her aunt arrives to drag her off to the stifling city. "I'll never forget Grandfather," Heidi promises herself. "One day I'll come back to him." | ||
| 650 |
_aEasy reading _vfiction |
||
| 650 |
_aStory book _vfiction |
||
| 650 | _aYoung readers | ||
| 700 |
_aMarks, Alan, _eillustrator. |
||
| 830 | _aUsborne Young Reading | ||
| 942 |
_2ddc _cFIC |
||